Jornades de Cures en la comunitat: innovació i transformació des de les polítiques locals : 25-26 d'abril de 2022 25-26 d'abril de 2022
Descripción Física:
1 tríptic ; 21 x 30 cm
Colección:
Projectes transformadors. Les persones
Idioma:
Catalán
MARC
| LEADER | 00000nam a22000007a 4500 | ||
|---|---|---|---|
| 001 | 27641 | ||
| 003 | Arxiu | ||
| 005 | 20260324181158.0 | ||
| 008 | 230403b spa||||| |||| 00| 0 cat d | ||
| 017 | |a B 9023-2022 | ||
| 040 | |a agdb |b cat | ||
| 245 | |a Jornades de Cures en la comunitat: innovació i transformació des de les polítiques locals : |b 25-26 d'abril de 2022 | ||
| 260 | |a Barcelona : |b Diputació de Barcelona ; |c 2022 | ||
| 300 | |a 1 tríptic ; |c 21 x 30 cm | ||
| 490 | |a Projectes transformadors. Les persones | ||
| 650 | 0 | |9 56136 |a Serveis comunitaris de salut | |
| 650 | 0 | |2 Arxiu |9 37470 |a Atenció domiciliària | |
| 710 | |a Barcelona (Catalunya : Província). |b Àrea d'Igualtat i Sostenibilitat Social |9 55833 | ||
| 942 | |2 udc |c ARXIU |n 1 | ||
| 952 | |0 0 |1 0 |2 udc |4 0 |6 FU7527 |7 1 |9 65929 |a Arxiu |b Arxiu |d 2023-04-03 |l 0 |o FU-75-27 |p 27641 |r 2023-04-03 00:00:00 |w 2023-04-03 |y ARXIU | ||
| 999 | |c 83306 |d 83306 | ||